La psychologie de l'association depuis Hobbes jusqu'a nos jours (Record no. 54091)

MARC details
000 -LEADER
campo de control de longitud fija 00634nam a22001815i 4500
001 - NÚMERO DE CONTROL
campo de control 54091
003 - IDENTIFICADOR DE NÚMERO DE CONTROL
campo de control ES-MaACL
005 - FECHA Y HORA DE LA ÚLTIMA TRANSACCIÓN
campo de control 20230906162908.0
007 - CAMPO FIJO DE DESCRIPCIÓN FÍSICA--INFORMACIÓN GENERAL
campo de control de longitud fija t|
008 - DATOS DE LONGITUD FIJA--INFORMACIÓN GENERAL
campo de control de longitud fija 960712s1883 fr ||||1| fre d
040 ## - FUENTE DE CATALOGACIÓN
Centro catalogador/agencia de origen CAM
Lengua de catalogación spa
Centro/agencia transcriptor CAM
100 0# - ENTRADA PRINCIPAL--NOMBRE DE PERSONA
Nombre de persona Ferri, Luigi.
9 (RLIN) 50566
245 13 - MENCIÓN DEL TÍTULO
Título La psychologie de l'association depuis Hobbes jusqu'a nos jours
Resto del título : (histoire et critique) /
Mención de responsabilidad, etc. par Louis Ferri.
260 ## - PUBLICACIÓN, DISTRIBUCIÓN, ETC.
Lugar de publicación, distribución, etc. Paris :
Nombre del editor, distribuidor, etc. Librairie Germer Baillière et Cie,
Fecha de publicación, distribución, etc. 1883 (
Lugar de fabricación/manufactura Abbeville :
Fabricante Typ. et stér. Gustave Retaux)
300 ## - DESCRIPCIÓN FÍSICA
Extensión [4], 378, [1] p. ;
Dimensiones 23 cm.
650 04 - PUNTO DE ACCESO ADICIONAL DE MATERIA--TÉRMINO DE MATERIA
Término de materia o nombre geográfico como elemento de entrada Representación (Filosofía)
9 (RLIN) 16851
852 ## - LOCALIZACIÓN
Ubicación ES-MaACL
Número de control de estantería B-6377
Holdings
Estatus retirado Estado de pérdida Estado de daño No para préstamo Colección Biblioteca de origen Biblioteca actual Ubicación en estantería Fecha de adquisición Fuente de adquisición Total de préstamos Signatura topográfica completa Código de barras Visto por última vez Precio de reemplazo Tipo de ítem Koha
        Libros del s. XIX Biblioteca del Ateneo de Madrid Biblioteca del Ateneo de Madrid Sala Pardo Bazán 17/01/2008     B-6377 1056848 23/02/2023 23/02/2023 Libro impreso antiguo